Descripción de la experiencia adquirida durante el proceso de formulación del Plan de Desarrollo y Mejora Competitiva de la Micro Región Patagones Patagonia /
Guardado en:
| Autor Principal: | |
|---|---|
| Autor Corporativo: | |
| Otros Autores: | |
| Formato: | Libro |
| Idioma: | Spanish |
| Publicado: |
Bahía Blanca,
2019.
|
| Materias: | |
| Acceso en línea: | Acceso a texto completo |
| Etiquetas: |
Agregar Etiqueta
Sin Etiquetas, Sea el primero en etiquetar este registro!
|
| LEADER | 01306nam a22002655a 4500 | ||
|---|---|---|---|
| 001 | EEA.libagro011198 | ||
| 008 | 200102s2019####ag############000#0#spa#d | ||
| 005 | 20210929184712.0 | ||
| 245 | 1 | 0 | |a Descripción de la experiencia adquirida durante el proceso de formulación del Plan de Desarrollo y Mejora Competitiva de la Micro Región Patagones Patagonia / |c Javier Agustín Osorio. |
| 260 | |a Bahía Blanca, |c 2019. | ||
| 300 | |a 47 h. : |b il. col., fot. col. ; |c 30 cm. | ||
| 500 | |a Trabajo de intensificación (Ingeniero Agrónomo) -- Universidad Nacional del Sur. Departamento de Agronomía, 2019. | ||
| 530 | |a Disponible también en línea. | ||
| 100 | 1 | |a Osorio, Javier Agustín. | |
| 700 | 1 | |a Galassi, Esteban H., |e tutor. | |
| 710 | 2 | |a Universidad Nacional del Sur. |b Departamento de Agronomía. | |
| 082 | 0 | 4 | |a 630.9827 |
| 650 | 7 | |a Agricultura |2 agrovoc | |
| 650 | 7 | |a Agricultura |x Planes de desarrollo |2 agrovoc | |
| 650 | 7 | |a Agricultura |x Política de desarrollo |2 agrovoc | |
| 650 | 7 | |a Agricultura |x Proyectos de desarrollo |2 agrovoc | |
| 650 | 7 | |a Agronomía |x Enseñanza profesional (nivel universitario) |2 unbist | |
| 653 | |a Práctica profesional | ||
| 856 | 4 | 1 | |3 Acceso a texto completo |u http://repositoriodigital.uns.edu.ar/handle/123456789/4700 |
| 859 | |a AR-BbBCA |b BIB. AGRONOMIA |h 630.9827 |i O83 |p 2020/7098 | ||
